000 00635nam a2200253Ia 4500
003 OSt
005 20220912145134.0
006 a|||||r|||| 00| 0
007 ta
008 220909b |||||||| |||| 00| 0 eng d
024 _a72042
037 _cTextual
040 _aCSL
_beng
_cCSL
041 _aeng
082 _aG91, L02
100 _aStevenson Greta
245 0 _aBiology of fungi,bacteria and viruses
250 _a2
260 _aNew York
_bAmerican Elsevier
_c1970
300 _axiii,202p.
_ccm.
650 _aBiology
942 _hG91, L02
_cTEXL
_2CC
999 _c24179
_d24179